00310nam a22001457a 4500003000400000005001700004008004100021020001900062040000700081082001000088100001500098245001800113260002500131300000800156OSt20211007120717.0211007b |||||||| |||| 00| 0 eng d a`9781403939982 chu a302.2 asky marsen acommunication anew werkbhallc2006 a210